[Event "SUI-chT"]
[Site "Switzerland"]
[Date "2005.05.22"]
[Round "4.2"]
[White "Dautov, Rustem"]
[Black "Sokolov, Andrei"]
[Result "1/2-1/2"]
[WhiteElo "2614"]
[BlackElo "2561"]
[Annotator "Dautov,R"]
[PlyCount "104"]
[EventDate "2005.02.27"]
[EventType "team-tourn"]
[EventRounds "9"]
[EventCountry "SUI"]
[SourceTitle "CBM 107"]
[Source "ChessBase"]
[SourceDate "2005.08.01"]
[SourceVersion "1"]
[SourceVersionDate "2005.08.01"]
[SourceQuality "1"]
[WhiteTeam "Luzern"]
[BlackTeam "Reichenstein"]
[WhiteTeamCountry "SUI"]
[BlackTeamCountry "SUI"]

1. d4 Nf6 2. c4 e6 3. Nf3 d5 {Der Zug ist ein sehr seltener Gast in den
Partien von Andrei, der meistens Damenindisch bevorzugt.} 4. Nc3 Be7 5. Bf4 O-O
6. e3 c5 7. dxc5 Bxc5 8. cxd5 Nxd5 9. Nxd5 exd5 10. a3 Nc6 11. Bd3 Be7 12. O-O
Bf6 13. Qb3 g6 14. Rab1 $5 $146 {Natürlicher sieht 14.Rac1 aus, aber ich
wollte 14...Qe7 verhindern.} (14. Rac1 Qe7 $5 (14... Qb6 15. Qxb6 axb6 16. Rc2
Bg4 17. Bc7 Bd8 18. Bd6 Re8 19. Nd2 $14) (14... a6 15. Rfd1 Qe7 16. h3 Be6 17.
Qb6 Rfd8 18. Bc2 Rac8 (18... a5 19. Ba4 Ra6 20. Qb5 Bf5 21. Nd4 Nxd4 22. exd4
Re6 23. Bc7 Rc8 24. Qxb7 Re2 $44 {Wu Shaobin-Dervishi,E/Bled 2002}) 19. Ba4 Bf5
20. Bxc6 bxc6 21. b4 $16 {Schlosser,P-Chiburdanidze,M/Lippstadt 2000}) 15. h3
Be6 16. Qb5 Rac8 17. Rfd1 Rfd8 $14) 14... Na5 {Die weiße Dame auf b3 ist
lästig, deswegen opfert Schwarz zwei Tempi, um sie loszuwerden.} (14... d4 15.
e4 Qe7 16. h3 $14) 15. Qc2 Nc6 16. b4 a6 (16... Bg4 $2 17. b5 Ne7 18. Be5 $16)
17. h3 Be6 18. Rfd1 Rc8 19. Qd2 (19. Qa4 $5 Bd7 20. Qb3 Be6 21. b5 $14) 19...
Re8 {Es entstand eine typische Stellung. Weiß steht leicht besser, er
befürchtet zu keinem Zeitpunkt den Vorstoß d5-d4, dem er stets mit e3-e4
begegnen will.} (19... Qe7 20. a4 $14) 20. Rbc1 {Selbstverständlich kam auch
b4-b5 in Frage, mit oder ohne Vorbereitung mittels a4. Auf dieser Weise konnte
ich meinen 14. Zug rechtfertigen. Ich beschloß jedoch, zu einem anderen Plan
zu wechseln und den Isolani unter Beschuß zu nehmen.} (20. a4 $5 a5 21. bxa5
Nxa5 22. Qb4 $14) (20. b5 $5 axb5 21. Rxb5 Qe7 22. a4 Ra8 23. Bc2 $14) 20...
Bg7 21. Rc5 Bf8 22. Rcc1 Bg7 23. Bb1 $1 {Das war meine Idee.} Qf6 {Andrei
plant einen Gegenangriff. Das Halten des Isolani war bereits mit positionellen
Einbußen verbunden.} (23... d4 $2 24. Nxd4 Nxd4 25. exd4 Rxc1 26. Qxc1 $16) (
23... Qe7 24. Ba2 Red8 25. Bg5 $1 Bf6 (25... f6 26. Bf4 $14) 26. Bxf6 {Dieser
Abtausch ist natürlich günstig für Weiß.} Qxf6 27. Nd4 (27. Kh2 $14) 27... Nxd4
28. exd4 $14) 24. Ba2 Qb2 25. Bxd5 Qxd2 {Im Endspiel wird Schwarz hart ums
Remis kämpfen müssen, aber auch die anderen Fortsetzungen versprachen ihm kein
leichtes Leben.} (25... Bxd5 $2 26. Qxd5 Qxa3 27. Ng5 $36) (25... Red8 26. e4
Qxa3 27. Bg5 Rd7 28. Qe1 $14) (25... Rcd8 26. Qxb2 (26. e4 Qxa3 27. Rb1 Bc3 $11
) 26... Bxb2 27. Bxc6 Bxc1 28. Rxc1 bxc6 29. Nd4 $1 (29. Rxc6 Bd5 30. Rxa6 Ra8
$11) 29... Bd5 30. Rc5 $14) 26. Rxd2 Bxd5 27. Rxd5 Bb2 28. Rb1 Bxa3 29. b5 axb5
30. Rbxb5 (30. Rdxb5 $5 Nd8 31. g4 Bc5 32. Bg3 $14) 30... Nd8 (30... Re7 31.
Rb3 Ra8 32. Rdb5 Ra7 33. g4 $14) 31. Nd4 {Weiß steht sehr aktiv, und der
Gewinn des Bauern b7 stellt für ihn kein großes Problem dar. Für das Endspiel
4 gegen 3 stünde jedoch sein Bauer auf g4 nicht schlecht...} (31. g4 $5 Ne6 $5
32. Rxb7 Nxf4 33. exf4 Re7 34. Rxe7 Bxe7 35. Rd7 Kf8 $16) 31... Be7 $6 {
Es war für Schwarz der richtige Zeitpunkt, um 31...h5! zu spielen.} (31... h5
$1) 32. g4 $1 $16 Bf6 33. Bg3 Re7 34. Rd6 Bg7 $6 $138 {Andrei war bereits in
Zeitnot und konnte sich zum Tausch auf d4 nicht entschließen.} (34... Bxd4 35.
exd4 Ne6 36. Kg2 $16) 35. Bh4 $1 Re8 36. Rd7 f6 $2 {Dieser weitere
Zeitnotfehler bringt Schwarz in eine schwierige Lage, sein Bauer f6 wird nun
sehr schwach und der Bg7 passiv. Dazu kommt, daß Andrei nur 10 Sekunden bis
zur Zeitkontrolle blieben.} 37. Rb6 Rf8 38. Rbd6 Nf7 $2 {Dies sollte sofort
zum Verlust führen, aber das Glück stand Sokolov zur Seite.} (38... b5 39. Nxb5
Nf7 40. Bxf6 Nxd6 41. Rxg7+ Kh8 42. Be5 $18) (38... Bh8 39. f4 Nf7 40. Rb6 Nd8
41. f5 $16) 39. Re6 $2 {Mit über einer Minute für zwei Züge sah ich das
naheliegende 39.Bxf6! nicht!} (39. Bxf6 $1 $18) 39... Nd8 40. Ree7 $2 {Klüger
wäre es, mit 40.Red6! die Züge zu wiederholen und die Zeitkontrolle zu
erreichen, denn die Wahscheinlichkeit von 40...Nf7? war enorm hoch.} Rf7 41.
Rxf7 Nxf7 42. Rxb7 f5 $1 43. gxf5 $2 {In der folgenden forcierten Variante
kann sich Schwarz retten. Dagegen hielt das richtige 43.Ne6! die weißen
Gewinnchancen intakt.} (43. Ne6 $1 Bc3 44. Kg2 $16) 43... Bxd4 44. fxg6 $6 ({
Nach} 44. exd4 Nd6 45. Rd7 Nxf5 46. Bf6 Rf8 47. Be5 Rf7 48. Rd8+ Rf8 49. Rd5
Rf7 50. Kg2 Ra7 $16 {dürfte sich Schwarz retten können.}) 44... Nd6 45. gxh7+
Kh8 46. Rd7 Be5 $1 $11 (46... Nf5 $2 47. Rxd4 Nxd4 48. Bf6+ Kxh7 49. Bxd4 $18)
47. f4 Nf5 48. Bg5 (48. Bf2 Bg7 49. e4 Nh6 $11) 48... Bg7 49. e4 Ng3 $1 50. e5
Kxh7 51. Kg2 Nf5 52. h4 Kg6 1/2-1/2

[Event "SUI-ch"]
[Site "Leukerbad"]
[Date "2002.07.17"]
[Round "7"]
[White "Pelletier, Yannick"]
[Black "Gerber, Richard"]
[Result "1-0"]
[WhiteElo "2571"]
[BlackElo "2419"]
[Annotator "Dautov,R"]
[PlyCount "87"]
[EventDate "2002.07.11"]
[EventType "tourn"]
[EventRounds "9"]
[EventCountry "SUI"]
[EventCategory "9"]
[SourceTitle "CBM 091"]
[Source "ChessBase"]
[SourceDate "2002.11.12"]
[SourceVersion "1"]
[SourceVersionDate "2002.11.12"]
[SourceQuality "1"]

1. Nf3 d5 2. d4 Nf6 3. c4 e6 4. Nc3 Be7 5. Bf4 O-O 6. e3 b6 7. Rc1 {Weiß
bereitet das Spiel gegen die s.g. "hängenden Bauern" c5 und d5 vor.} (7. Qc2 c5
8. dxc5 bxc5 9. Be2 Bb7 10. O-O Nbd7 11. Rfd1 Rc8 12. Rd2 Qb6 13. cxd5 exd5 14.
Ne5 Rfd8 15. Bf3 Nxe5 16. Bxe5 d4 17. Bxb7 dxc3 18. Rxd8+ Rxd8 19. Bf3 $14 {
Gurevich,M-Dolmatov,S/Marseille 1988}) 7... c5 8. dxc5 bxc5 9. Be2 Bb7 10. cxd5
exd5 11. O-O Nbd7 12. h3 ({Üblich ist das direkte Vorgehen 12.Ne5:} 12. Ne5
Nxe5 $1 (12... Nb6 13. a4 a6 (13... a5 14. Bf3 Re8 15. Nb5 $14 {Yusupov,
A-Ljubojevic,L/Tilburg 1987}) 14. Bf3 Ra7 15. a5 Nbd7 16. Qa4 Nxe5 17. Bxe5 Qa8
18. Rfd1 Bc6 19. Qc2 Rd8 20. Na4 Nd7 21. Bg3 Qb7 22. Rd2 Qb4 23. Nc3 Nf6 $11 {
Malaniuk,V-Ehlvest,J/Tallinn 1999/}) 13. Bxe5 Nd7 14. Bg3 Nb6 15. Bf3 Qd7 16.
Qb3 Rad8 17. Rfd1 d4 18. Bxb7 Qxb7 19. exd4 Rxd4 20. Ne2 Rxd1+ 21. Rxd1 Bf6 $11
{Malaniuk,V-Ovsejevitsch,S/Donetsk 1998}) 12... h6 13. Rc2 {Pelletier
verzichtet erneut auf Nf3-e5 und wechselt zu der Schwerfigurenaufstellung Qc2,
Rd2,Rd1 wie in der Partie Gurevich-Dolmatov, jedoch mit einem Tempo weniger.}
Qb6 14. Rd2 Rfd8 15. Qc2 Rac8 16. Rfd1 Nf8 $11 17. Be5 N8d7 18. Bg3 Nf8 19. Qb1
(19. Nh4 Bd6 20. Bxd6 Qxd6 21. Bf3 Qe5 $11) 19... Qe6 {Die Stellung befindet
sich in dynamischem Gleichgewicht. Schwarz konnte soeben mit 19...Ne6
Vereinfachungen anstreben.} (19... Ne6 20. Be5 d4 21. exd4 Bxf3 22. Bxf6 (22.
Bxf3 Nxd4 23. Be2 Qe6 $11) 22... Bxf6 23. dxc5 Qxc5 24. Bxf3 Rxd2 25. Rxd2 Bxc3
26. bxc3 Qxc3 $11) 20. a3 Ng6 21. Qa2 Bf8 $6 {Schwarz unterschätzt die
gegnerische Absicht Qb3. Umsichtiger wäre es, die schwarzfeldrigen Läufer
abzutauschen.} (21... Bd6 22. Bxd6 Rxd6 $11) 22. Qb3 Bc6 (22... Qb6 23. Qxb6
axb6 24. Bc4 d4 25. exd4 cxd4 26. Rxd4 Rxd4 27. Rxd4 Bc5 28. Rd3 $16) (22...
Ba8 23. Qa4 Qb6 24. Ne5 $14) 23. Ba6 Ra8 24. Bb5 Rab8 $1 {Diese hübsche
taktische Tauschaktion verändert das Stellungsbild vollkommen.} (24... Bb7 $2
25. Bc4 Bc6 26. Nxd5 $16) (24... Ne7 $5 $14) 25. Bxb8 Rxb8 26. Qa4 Rxb5 27.
Nxb5 Qe8 28. Qxa7 Bxb5 29. Rc1 $14 {Da die schwarzen Leichtfiguren schnell
gefährlich werden können, sucht Weiß nach weiteren Vereinfachungen, z.B. Rxc5.}
Bd7 30. Rdd1 Qe4 (30... Ne5 $5 $14) (30... c4 $5) 31. Nd2 Qh4 32. Qc7 Qh5 33.
Nf1 Nh4 34. Ng3 Qg6 35. Rxc5 $1 Bxc5 36. Qxc5 Ne4 $2 (36... Nf5 37. Nxf5 Bxf5
$14) 37. Qc7 (37. Qxd5 $1 Nxg3 38. Qxd7 $18) 37... Be6 $4 38. Qd8+ Kh7 39. Qxh4
Nxf2 40. Kxf2 Qc2+ 41. Ke1 Qxg2 42. Ne2 Bf5 43. Qg3 Qh1+ 44. Kd2 1-0

[Event "Tan Chin Nam Cup 8th"]
[Site "Qingdao"]
[Date "2002.07.04"]
[Round "1"]
[White "Kaidanov, Gregory S"]
[Black "Mikhalevski, Victor"]
[Result "1/2-1/2"]
[WhiteElo "2638"]
[BlackElo "2520"]
[Annotator "Dautov,R"]
[PlyCount "67"]
[EventDate "2002.07.04"]
[EventType "swiss"]
[EventRounds "9"]
[EventCountry "CHN"]
[SourceTitle "CBM 091"]
[Source "ChessBase"]
[SourceDate "2002.11.12"]
[SourceVersion "1"]
[SourceVersionDate "2002.11.12"]
[SourceQuality "1"]

1. d4 d5 2. c4 e6 3. Nc3 Be7 4. Nf3 Nf6 5. Bf4 O-O 6. e3 c5 7. dxc5 Bxc5 8. a3
Nc6 9. Qc2 Qa5 10. Nd2 Be7 11. Bg3 Qb6 (11... Bd7) 12. b4 $1 $146 {Eine starke
Gegenneuerung. Erst vor kurzem überzeugte Onischuk mit seiner neuen Idee 11...
Qb6 gegen Lautier, aber Kaidanov zeigt, daß hier das letzte Wort noch längst
nicht gesprochen ist.} (12. Be2 d4 13. Na4 Qd8 14. O-O dxe3 15. fxe3 Bd6 $1 16.
Bxd6 Qxd6 17. c5 Qc7 18. b4 Ne5 19. h3 Bd7 20. Nc3 Rad8 21. Rac1 Ng6 22. Nc4 b6
23. Ne4 Nxe4 24. Qxe4 Bc6 $15 {Lautier,J-Onischuk,A/Moscow2002}) 12... d4 13.
c5 Qd8 14. Nce4 ({Falsch wäre} 14. exd4 $6 a5 $1 $36) 14... e5 (14... dxe3 15.
fxe3 Nd5 16. Qb3 Bg5 $5) 15. Nxf6+ {Kaidanov steuert ruhiges Gewässer an. In
Frage kam das scharfe Vorgehen 15.b5.} (15. b5 $5 Nxe4 (15... Na5 16. Bxe5 dxe3
17. fxe3 $16) 16. Qxe4 (16. Nxe4 $2 Qa5+ 17. Nd2 (17. Qd2 dxe3 18. fxe3 Rd8 $36
) 17... dxe3 18. fxe3 Nd8 19. Bxe5 Ne6 $44) 16... dxe3 17. fxe3 Na5 18. Rc1 $13
) (15. Bd3 Nd5 $132) 15... Bxf6 16. e4 Bh4 $6 ({Besser gefällt mir die
Läuferentwicklung 16...Be6.} 16... Be6 17. Bc4 Bxc4 18. Nxc4 (18. Qxc4 b6 $11)
18... b5 19. Nd6 a5 $36) 17. Bc4 Bxg3 18. hxg3 Qe7 19. Nf3 Bg4 (19... Be6 $2
20. Bxe6 Qxe6 21. Rxh7 $16) 20. Bd5 a5 21. b5 Nd8 22. Rc1 Rc8 $11 {Schwarz hat
eine Schwäche kreiert (c5) und nimmt sie ins Visier.} 23. a4 Bxf3 24. gxf3 Ne6
25. Bxe6 (25. c6 bxc6 26. bxc6 Qb4+ 27. Kf1 Nc7 28. Kg2 Rfd8 $11) 25... Qxe6
26. Qc4 $1 (26. O-O $2 Rc7 $15 {><c5}) 26... Rc7 $2 {Schwarz sollte die Damen
auf dem Brett behalten.} ({Richtig war} 26... Qe7 27. O-O Rfd8 $11) 27. c6 (27.
Ke2 $2 Rfc8 $15) ({Die andere gute Möglichkeit war} 27. Qxe6 $1 fxe6 28. Rh5
Rxf3 29. Rxe5 Kf7 (29... Ra3 30. Rc4 $14) 30. c6 $14) 27... Qxc4 (27... bxc6
28. Qxe6 fxe6 29. Rh5 $14) 28. Rxc4 bxc6 29. Ke2 Rfc8 30. Rhc1 Kf8 31. Rc5 (31.
Kd3 c5 32. b6 Rb7 33. Rxc5 Rxc5 34. Rxc5 Rxb6 35. Rxe5 Rb3+ $11) 31... f6 32.
b6 ({Chancenreicher war} 32. f4 $1 {, z.B.} exf4 33. gxf4 Ke7 34. bxc6 Kd6 35.
Rd5+ Ke7 36. Rxa5 Rxc6 37. Rxc6 Rxc6 38. Kd3 $14) 32... Rb7 33. Rb1 Rcb8 34.
Rxc6 (34. Rxc6 Ke7 35. f4 Kd7 36. Rc5 exf4 37. gxf4 Rxb6 38. Rxb6 Rxb6 39. Rxa5
Rb2+ $11) 1/2-1/2

[Event "Hoogeveen Essent Crown"]
[Site "Hoogeveen"]
[Date "2001.10.20"]
[Round "6"]
[White "Van Wely, Loek"]
[Black "Bruzon Batista, Lazaro"]
[Result "1-0"]
[WhiteElo "2714"]
[BlackElo "2573"]
[Annotator "Dautov,R"]
[PlyCount "135"]
[EventDate "2001.10.14"]
[EventType "tourn"]
[EventRounds "6"]
[EventCountry "NED"]
[EventCategory "16"]
[SourceTitle "CBM 086"]
[Source "ChessBase"]
[SourceDate "2002.02.05"]
[SourceVersion "1"]
[SourceVersionDate "2002.02.05"]
[SourceQuality "1"]

{[%mdl 32768]} 1. d4 d5 2. c4 e6 3. Nc3 Nf6 4. Nf3 Be7 5. Bf4 O-O 6. e3 Nbd7 7.
c5 Nh5 8. Bd3 Nxf4 9. exf4 c6 10. Qc2 h6 11. O-O b6 12. b4 bxc5 13. bxc5 Qa5
14. Rab1 Ba6 15. Bxa6 Qxa6 16. Rb3 $5 $146 {In der Vorahnung des
Turmabtausches gespielt, Weiß will dabei auf b3 mit dem Bauern schlagen.} (16.
Rb4 {Diese Turmentwicklung bescherte Weiß bisher keinen Eröffnungsvorteil:}
Rfb8 17. Rfb1 Bd8 (17... Rxb4 18. Rxb4 Rb8 19. Ra4 Qb7 20. g3 g6 21. Kg2 Kg7
22. Qd1 Bd8 23. Nd2 a5 24. Nb3 Qa6 25. Qd2 Rb4 $15 {Gonzalez Rodriguez,
J-Meneses,D/Bogota 1990}) 18. g3 Rxb4 19. Rxb4 Rb8 20. Rxb8 Nxb8 21. Kg2 Nd7
22. Qa4 Qxa4 23. Nxa4 g5 $11 {Schandorff,L-Vaganian,R/BL 2001}) 16... Rfb8 17.
Rfb1 Bd8 (17... Qc4 $4 18. Ne5 $18) 18. Ne2 Bc7 19. Ne1 $1 {Der Springer wird
in die optimale Position, auf d3, gebracht..} Rxb3 {Natürlich konnte Schwarz
diesen Abtausch hinauszögern, er wollte aber damit sein Spiel vereinfachen.} (
19... Qc4 $2 20. Qxc4 dxc4 21. Rxb8+ Rxb8 22. Rxb8+ Bxb8 23. Nc2 Nf6 24. Ne3
$14) 20. axb3 Qb7 21. b4 a6 (21... a5 $2 22. b5 $16) 22. Nd3 Re8 ({In Frage kam
} 22... Qb5 $5 {mit der Idee} 23. Nc3 $2 Qc4) 23. Nc3 Qc8 24. g3 Nb8 (24... f6
25. Qa4 Bb8 (25... Nb8 26. Re1) 26. Ra1 e5 27. dxe5 fxe5 28. Qxa6 $14) 25. h4
f6 26. Re1 Qd7 27. Qa4 Qf7 28. Kg2 $14 {Weiß steht besser: er ist imstande,
den befreienden Vortoß e6-e5 langfristig zu verhindern. Die andere Frage ist,
wie er seine Stellung verbessern kann?} Kf8 29. Re3 Bd8 30. Qa2 (30. Nb1 {
/\Nd2-f3} Qb7 31. Nd2 Qb5 $132) 30... Bc7 31. Qe2 Nd7 32. Nc1 Nb8 33. h5 Kg8
34. Nb3 Qd7 35. Nb1 {Der Springer strebt über f3 nach h4. Bruzon nimmt die
Möglichkeit zu e6-e5 wahr.} e5 36. fxe5 fxe5 37. dxe5 Qf5 38. Nc3 Rxe5 39. Nd4
Rxe3 (39... Qxh5 $2 40. Qxh5 Rxh5 41. Re8+ Kf7 42. Rc8 Be5 43. Nce2 $16) 40.
Qxe3 Qe5 41. Qxe5 Bxe5 42. Nce2 {Trotz der Spielbefreiung sind die Probleme
des Nachziehenden eher größer geworden ,die Schwächen c6 und a6 und der
passive Springer sind ihm erhalten geblieben, dazu kommt die weiße
Bauernmajorität auf dem Königsflügel.} Kf7 43. f4 Bc7 {/\a5} 44. Nb3 Nd7 45.
Ned4 Nf6 (45... Nb8 46. Kf3 $16) 46. Nxc6 Nxh5 47. Nbd4 g5 (47... Nf6 48. Ne5+
Bxe5 $5 49. fxe5 Ne4 50. c6 $16) 48. Ne5+ ({Die Stellung nach} 48. b5 axb5 49.
Nxb5 Bxf4 50. gxf4 Nxf4+ 51. Kf3 Nd3 52. Nd8+ Ke7 53. Nb7 Nxc5 54. Nxc5 {
dürfte für Weiß gewonnen sein, aber wer läßt sich schon gern auf ein solches
Endspiel ein?}) 48... Kf6 49. Ng4+ Ke7 50. Ne3 Nf6 51. Nef5+ Kd7 52. c6+ Kc8
53. Nxh6 gxf4 54. g4 $18 Bd6 55. g5 Ne8 56. b5 Kc7 (56... axb5 57. Nxb5 Be5 58.
Kf3 Nc7 59. Nf7 $18) 57. bxa6 Kb6 58. Nhf5 Be5 59. Nf3 Bb2 60. Ne7 Nc7 61. Ne1
Ne6 62. g6 Kxa6 63. Nd3 Bd4 64. Nb4+ Kb5 65. Nbxd5 Kc5 66. c7 Nxc7 67. Nxc7 Be5
68. Ne8 1-0

[Event "Tel Aviv"]
[Site "Tel Aviv"]
[Date "2001.02.22"]
[Round "3"]
[White "Postny, Evgeny"]
[Black "Mikhalevski, Alexander"]
[Result "1/2-1/2"]
[WhiteElo "2432"]
[BlackElo "2438"]
[Annotator "Dautov,R"]
[PlyCount "55"]
[EventDate "2001.02.20"]
[EventType "tourn"]
[EventRounds "9"]
[EventCountry "ISR"]
[EventCategory "9"]
[SourceTitle "CBM 082"]
[Source "ChessBase"]
[SourceDate "2001.05.17"]
[SourceVersion "1"]
[SourceVersionDate "2001.05.17"]
[SourceQuality "1"]

1. Nf3 d5 2. d4 Nf6 3. c4 e6 4. Nc3 Be7 5. Bf4 O-O 6. e3 c5 7. dxc5 Bxc5 8. Qc2
Nc6 9. a3 Qa5 10. O-O-O Be7 11. h4 {Diese Alternative zu der Hauptvariante 11.
g4 erfreute sich nur sehr kurzer Popularität nachdem sie zweimal von Kasparov
gespielt wurde. Schwarz fand ziemlich bald einige sichere Möglichkeiten und
die Variante wurde ad acta gelegt.} Rd8 {Die sicherste Entgegnung.} ({Laut
Theorie ist} 11... a6 {ebenfalls gut genug.}) 12. cxd5 $5 $146 (12. g4 Bd7 (
12... dxc4 13. Bxc4 Bd7 14. g5 Nh5 15. Bd6 Rac8 16. Be2 Be8 $11 {Rustemov,
A-Kharitonov,A/Russia 1996}) 13. Kb1 dxc4 14. Bxc4 Rac8 (14... Be8 $5) 15. g5
Nh5 16. Bd6 g6 (16... Be8 $5 17. Bxe7 Nxe7 18. Rxd8 Rxd8 $11) 17. Be2 Bxd6 18.
Rxd6 Ne7 19. Qb3 Bc6 $11 {Kasparov-Ehlvest/Novgorod 1995}) (12. Nd2 e5 13. Bg5
d4 14. Nb3 Qb6 15. c5 (15. Bxf6 dxc3 $15) 15... Qc7 16. Nb5 Qb8 17. exd4 a6 18.
Nd6 Bxd6 19. cxd6 Qxd6 20. dxe5 Qxd1+ 21. Qxd1 Rxd1+ 22. Kxd1 Nxe5 23. Bxf6
gxf6 24. Nd4 Bd7 $11 {Cifuentes Parada,R-Van der Sterren,P/NLD-ch 1995}) 12...
Nxd5 $6 {Trotz des für Schwarz glücklichen Ausgangs der Partie kann man diesen
Zug nicht ruhigen Gewissens empfehlen, da der schwarze König danach ohne
ausreichende Deckung bleibt.} ({Wesentlich sicherer scheint} 12... exd5 $1 13.
Nb5 (13. Ng5 $6 d4) (13. Bd3 Bg4 $15) 13... Ne8 $1 (13... Rd7 $6 14. Ne5 Nxe5
15. Bxe5 $14) 14. Ng5 g6 {, und nach der baldigen Verdrängung des Nb5 gleicht
Schwarz mit d5-d4 aus:} 15. Kb1 (15. h5 $2 Bf5 16. Bd3 Rac8 17. Bxf5 gxf5 $17)
15... a6 16. Nc3 Bf5 17. Bd3 Bxd3 18. Rxd3 d4 $11) 13. Ng5 g6 14. Nxd5 exd5 (
14... Rxd5 15. Bc4 Rxd1+ $6 (15... Rd8) 16. Rxd1 $14) 15. Kb1 Bf5 16. Bd3 Bxd3
17. Qxd3 Bf6 (17... d4 18. e4 {/\Qb3} Rd7 19. Bd2 Qb6 20. f4 $14) 18. h5 {
Der weiße Angriff sieht auf den ersten Blick vernichtend aus. Michalevski
trifft die richtige Entscheidung: ohne Rücksicht auf materielle Verluste
startet er einen Gegenangriff.} Qb6 $1 19. Rd2 Na5 $1 (19... Ne5 $2 20. Bxe5
Bxe5 21. Nxh7 $1 Kxh7 22. hxg6+ Kg8 23. gxf7+ Kxf7 24. Qh7+ Bg7 25. Rh5 Rd6 26.
Rf5+ Rf6 27. Rdxd5 $18) 20. hxg6 (20. Nxh7 Bg7 $1) 20... fxg6 (20... hxg6 $2
21. Nxf7 $1 Kxf7 22. Rh7+ Bg7 (22... Ke6 23. Qxg6 $18) 23. Bh6 Rg8 24. Qxd5+
$18) 21. Nxh7 ({In Frage kommt das prophylaktische} 21. Rc2 $5 Nc4 22. Ka2 $14)
21... Bg7 22. Bg5 Nc4 $1 {Nur vorwärts! Für die Verteidigung war es zu spät.} (
22... Rd6 $2 23. Nf6+ Bxf6 24. Qxg6+ Bg7 25. Qh7+ Kf8 (25... Kf7 26. Rh3 $18)
26. Be7+ $18) 23. Bxd8 Rxd8 24. Ka2 Nxd2 25. Qxd2 d4 {Dank seinem starken
Läufer g7 erhält Schwarz genug Kompensation für den fehlenden Bauern.} 26. Qd3
Qe6+ 27. Kb1 Re8 28. Ng5 (28. Ng5 Qf5 $8 29. Qxf5 gxf5 30. Rh3 (30. exd4 Bxd4
31. Nf3 Bxf2 $11) 30... d3 $44) 1/2-1/2

[Event "Tel Aviv"]
[Site "Tel Aviv"]
[Date "2001.02.26"]
[Round "6"]
[White "Gyimesi, Zoltan"]
[Black "Doettling, Fabian"]
[Result "1/2-1/2"]
[WhiteElo "2564"]
[BlackElo "2509"]
[Annotator "Dautov,R"]
[PlyCount "50"]
[EventDate "2001.02.20"]
[EventType "tourn"]
[EventRounds "9"]
[EventCountry "ISR"]
[EventCategory "9"]
[SourceTitle "CBM 082"]
[Source "ChessBase"]
[SourceDate "2001.05.17"]
[SourceVersion "1"]
[SourceVersionDate "2001.05.17"]
[SourceQuality "1"]

1. d4 Nf6 2. c4 e6 3. Nf3 d5 4. Nc3 Be7 5. Bf4 O-O 6. e3 c5 7. dxc5 Bxc5 8.
cxd5 Nxd5 9. Nxd5 exd5 10. a3 Nc6 11. Bd3 Bb6 12. O-O d4 13. e4 Bg4 14. h3 Bh5
15. Rc1 $6 {Üblicherweise wird diese Stellung anders erreicht: 12...Bg4 13.h3
Bh5 14.Rc1 d4 15.e4. Bei der gegebenen Zugreihenfolge hat Weiß etwas Besseres
als den "automatischen" Textzug.} ({In letzter Zeit kämpft Weiß erfolgreich um
Eröffnungsvorteil mittels} 15. g4 $1 Bg6 16. Nd2 {, z.B.} Re8 17. Bg3 Kh8 $6
18. f4 f6 19. Kh2 Rc8 20. Rc1 Bf7 21. Qf3 Bg8 22. h4 $14 {Khalifman-Beliavsky/
Neum 2000}) 15... Rc8 (15... Re8 16. g4 (16. Re1 f6 $2 (16... Rc8) 17. Bc4+ Kh8
18. Bd5 Qd7 19. b4 Ne7 20. Bc4 Ng6 21. Bg3 Rad8 22. Qd3 a6 23. Nd2 Ne5 24. Bxe5
Rxe5 25. Bd5 Bg6 26. Qb3 $14 {Schlosser,P-Lutz,C/Germany 2000}) 16... Bg6 17.
Re1 Rc8 18. e5 (18. Kg2 Bc7 19. Qd2 Bxf4 20. Qxf4 Qe7 21. b4 f6 22. Bc4+ Kh8
23. Bd5 Ne5 24. Rxc8 Rxc8 25. Rd1 Nxf3 26. Qxf3 Rc3 $132 {Piket-Kramnik/
Amber-rapid 1998}) 18... Qd5 19. b4 $6 (19. Bg3 $142) 19... Ne7 20. Nh4 Rxc1
21. Bxc1 Bxd3 22. Qxd3 Ng6 23. Nxg6 hxg6 $17 {Gurevich,M-Georgiev,K/Sarajevo
2000}) 16. Re1 Re8 17. Bh2 $6 {Nach diesem passiven Zug erreicht Weiß nichts.
Die kritische Stellung entsteht nach 17. g4 Bg6.} (17. g4 Bg6 {-siehe 15...Re8.
}) 17... Bc7 18. Bxc7 Rxc7 19. Bb5 Bxf3 $11 20. Qxf3 a6 $1 {Dieser Zug ist
etwas genauer als 20...Qg5, was ein paar Wochen früher Akesson gegen Gyimesi
spielte.} (20... Qg5 21. Bxc6 Rxc6 22. Rcd1 Qe5 23. Qd3 Rd8 24. g3 g6 25. Kg2
Rb6 26. Re2 a5 27. Qc4 (27. f4 Qe6 $11) 27... Rc6 28. Qb3 Qc7 29. h4 Rc4 30.
Qf3 Qe5 31. Qd3 b5 $11 {Gyimesi,Z-Akesson,R/Stockholm 2001}) 21. Bxc6 Rxc6 22.
Qd3 (22. Rxc6 bxc6 23. Qd3 Qb6 24. b4 a5 $11) 22... Qb6 {Die Stellung ist
vollkommen ausgeglichen.} 23. Rc2 Rxc2 24. Qxc2 g6 25. Rd1 d3 (25... d3 26.
Qxd3 Qxb2 27. Rb1 Qe5 28. Rxb7 Qxe4 29. Qxa6 Qe1+ 30. Qf1 Qc3 $11) 1/2-1/2